Calciatori della Serie A nel FIFA FIFPro World XI - Statistics

Statistiche generali
  • Questo quiz è stato fatto 90 volte
  • Il punteggio medio è 15 su 21
Statistiche sulle risposte
Numero apparizionin Edizioni apparizioni Nazione Squadra Calciatore % Corretto
4 2018; 2019; 2020; 2021 Portogallo Juventus Cristiano Ronaldo
100%
3 2006; 2007; 2017 Italia Juventus Gianluigi Buffon
97%
3 2006; 2007; 2008 Brasile Milan Kakà
92%
2 2017; 2021 Italia Juventus Leonardo Bonucci
88%
1 2017 Italia Milan Loenardo Bonucci
88%
1 2005 Ucraina Milan Andrij Schevchenko
84%
1 2005 Italia Milan Paolo Maldini
82%
1 2006 Italia Milan Andrea Pirlo
71%
1 2019 Paesi Bassi Juventus Matthijs de Ligt
71%
1 2005 Brasile Milan Dida
70%
1 2015 Francia Juventus Paul Pogba
70%
1 2010 Paesi Bassi Inter Wesley Sneijder
70%
2 2005, 2007 Italia Milan Alessandro Nesta
66%
1 2005 Brasile Milan Cafu
64%
1 2006 Italia Juventus Fabio Cannavaro
64%
1 2010 Brasile Inter Maicon
62%
1 2021 Italia Milan Gianluigi Donnarumma
60%
2 2016; 2017 Brasile Juventus Dani Alves
55%
1 2006 Italia Juventus Gianluca Zambrotta
55%
1 2010 Brasile Inter Lúcio
52%
1 2006 Francia Juventus Lilian Thuram
49%
Nessun quiz corrispondente trovato
Distribuzione punteggi
Percentuale di utenti per punteggio
Percentile per numero di risposta
I tuoi punteggi nel tempo
Non hai fatto questo quiz